[Event "Chess.com Open Playoffs"]
[Site "chess.com INT"]
[Date "2026.04.23"]
[Round "1.1"]
[White "Carlsen, Magnus"]
[Black "Sargsyan, Shant"]
[Result "1-0"]
[WhiteTitle "GM"]
[BlackTitle "GM"]
[WhiteElo "2840"]
[BlackElo "2647"]
[WhiteFideId "1503014"]
[BlackFideId "13306766"]
[EventDate "2026.04.23"]
[EventType "k.o."]

1. d4 Nf6 2. Nf3 g6 3. g3 Bg7 4. Bg2 c5 5. dxc5 Qa5+ 6. Nfd2 O-O 7. Nc3 Qxc5 8.
Nb3 Qc7 9. a4 Nc6 10. O-O d6 11. a5 Bf5 12. e4 Bg4 13. Qd2 Rac8 14. h3 Be6 15.
Nd5 Bxd5 16. exd5 Ne5 17. c3 Qc4 18. Qd1 Nd3 19. Bf3 Nxc1 20. Rxc1 Rc7 21. Re1
h5 22. h4 Re8 23. Kg2 a6 24. Ra1 Qb5 25. Nd4 Qxb2 26. Re2 Qxc3 27. Rc2 Qxd4 28.
Rxc7 Qb4 29. Qa4 Qb2 30. Ra2 Qb1 31. Re2 Bf8 32. Be4 b5 33. Bxb1 bxa4 34. Ba2
Rb8 35. Rc6 Nd7 36. Rxa6 Nc5 37. Rb6 Ra8 38. Rb5 Ra7 39. Bc4 Bg7 40. Ra2 Bc3 41.
a6 Kg7 42. Rxc5 dxc5 43. Rxa4 Be5 44. Ra3 Bd6 45. Rb3 Kf8 46. f4 Ke8 47. Kf3 Kd7
48. g4 hxg4+ 49. Kxg4 Bc7 50. f5 Be5 51. fxg6 fxg6 52. Rb6 Bf6 53. Re6 Ra8 54.
Bb5+ Kd8 55. d6 Rb8 56. Bc6 Rb4+ 57. Re4 1-0

[Event "Chess.com Open Playoffs"]
[Site "chess.com INT"]
[Date "2026.04.23"]
[Round "1.1"]
[White "Keymer, Vincent"]
[Black "Pranesh, M"]
[Result "1-0"]
[WhiteTitle "GM"]
[BlackTitle "GM"]
[WhiteElo "2762"]
[BlackElo "2632"]
[WhiteFideId "12940690"]
[BlackFideId "35028600"]
[EventDate "2026.04.23"]
[EventType "k.o."]

1. c4 e5 2. Nc3 Bb4 3. Nd5 a5 4. Nf3 d6 5. a3 Bc5 6. e3 Nd7 7. d4 Ba7 8. Nc3
Ngf6 9. Be2 O-O 10. b4 c6 11. b5 Re8 12. Qc2 exd4 13. exd4 Nf8 14. h3 Bd7 15.
O-O Rc8 16. bxc6 Bxc6 17. Be3 Ng6 18. Rab1 Ne4 19. Nb5 Bb8 20. Rfe1 Qf6 21. Qb3
Nf4 22. Bxf4 Qxf4 23. Bf1 d5 24. Qe3 Qf6 25. Ne5 h5 26. f4 Qh6 27. Bd3 Bxb5 28.
Rxb5 Nd6 29. Rxd5 f6 30. c5 fxe5 31. cxd6 Bxd6 32. fxe5 Qxe3+ 33. Rxe3 Bxa3 34.
Rd7 Bb2 35. Rg3 Kh8 36. Kh2 Rg8 37. Rg5 Bc1 38. Rxh5+ Bh6 39. Rxh6+ gxh6 40.
Rh7# 1-0

[Event "Chess.com Open Playoffs"]
[Site "chess.com INT"]
[Date "2026.04.23"]
[Round "1.1"]
[White "Lazavik, Denis"]
[Black "Yu, Yangyi"]
[Result "1/2-1/2"]
[WhiteTitle "GM"]
[BlackTitle "GM"]
[WhiteElo "2605"]
[BlackElo "2717"]
[WhiteFideId "13515110"]
[BlackFideId "8603820"]
[EventDate "2026.04.23"]
[EventType "k.o."]

1. c4 e6 2. Nc3 d5 3. d4 h6 4. cxd5 exd5 5. Bf4 Nf6 6. e3 Bd6 7. Bxd6 Qxd6 8.
Bd3 O-O 9. Nge2 b6 10. O-O c5 11. dxc5 bxc5 12. Rc1 Nbd7 13. Ng3 Ne5 14. Be2 Rd8
15. Qa4 Qb6 16. Qa3 Bd7 17. f4 Ng6 18. Bf3 Ne7 19. Rfd1 Bc6 20. Nce2 Nd7 21. Bg4
Rac8 22. Kh1 Bb7 23. Nc3 Bc6 24. Nce2 Rc7 25. Rd2 Nf6 26. Bf3 Bb7 27. Rdc2 Rdc8
28. Qb3 Qd6 29. Qd3 Ba6 30. Qd1 Qe6 31. Qd2 Qd6 32. Nc3 Rd8 33. Na4 Rdc8 34. Nc3
Rd8 35. Na4 Rdc8 36. Nc3 1/2-1/2

[Event "Chess.com Open Playoffs"]
[Site "chess.com INT"]
[Date "2026.04.23"]
[Round "1.1"]
[White "Sevian, Samuel"]
[Black "Abdusattorov, Nodirbek"]
[Result "0-1"]
[WhiteTitle "GM"]
[BlackTitle "GM"]
[WhiteElo "2696"]
[BlackElo "2780"]
[WhiteFideId "2040506"]
[BlackFideId "14204118"]
[EventDate "2026.04.23"]
[EventType "k.o."]

1. e4 e5 2. Nf3 Nc6 3. Bc4 Bc5 4. d3 Nf6 5. c3 d6 6. Bg5 h6 7. Bh4 a6 8. Nbd2
Ba7 9. O-O Qe7 10. b4 Be6 11. a4 O-O 12. Re1 Bxc4 13. Nxc4 Qe6 14. b5 Nb8 15.
Bxf6 Qxf6 16. d4 Qe6 17. Ne3 Nd7 18. bxa6 bxa6 19. Qd3 a5 20. Rab1 Nf6 21. Nf5
Rab8 22. h3 Rxb1 23. Qxb1 Rb8 24. Qd3 Kh7 25. Nd2 g6 26. Ne3 exd4 27. cxd4 Rb4
28. Nc2 Rxa4 29. e5 dxe5 30. Rxe5 Qd7 31. Nc4 Nd5 32. Qb3 Nb4 33. N4e3 Nxc2 34.
Nxc2 Kg7 35. Rb5 Ra2 36. Rb7 Qc6 37. Rxa7 Rxc2 38. Rxa5 Rc1+ 39. Kh2 Qd6+ 40.
Qg3 Qxd4 41. Qxc7 Rxc7 0-1

[Event "Chess.com Open Playoffs"]
[Site "chess.com INT"]
[Date "2026.04.23"]
[Round "1.1"]
[White "Duda, Jan-Krzysztof"]
[Black "Nepomniachtchi, Ian"]
[Result "0-1"]
[WhiteTitle "GM"]
[BlackTitle "GM"]
[WhiteElo "2739"]
[BlackElo "2729"]
[WhiteFideId "1170546"]
[BlackFideId "4168119"]
[EventDate "2026.04.23"]
[EventType "k.o."]

1. Nf3 Nf6 2. c4 e6 3. g3 d5 4. Bg2 Be7 5. O-O O-O 6. cxd5 exd5 7. b3 Re8 8. Bb2
c6 9. d3 a5 10. a3 Nbd7 11. Nbd2 Nc5 12. Re1 Bf8 13. Qc2 Bf5 14. Bc3 h6 15. Qb2
Nfd7 16. Rad1 Bh7 17. Bh3 Qb6 18. Bd4 Qa6 19. b4 Ne6 20. Bc3 axb4 21. axb4 Qa2
22. Rb1 Qxb2 23. Rxb2 Nb6 24. Rb3 Ra2 25. Kf1 Nc7 26. Ra1 Rea8 27. Rxa2 Rxa2 28.
Bd4 Na4 29. Bc8 Nb5 30. Be5 f6 31. Bb8 Bd6 32. Bxd6 Nxd6 33. Be6+ Kf8 34. Rb1
Ke7 35. Bh3 g5 36. Nb3 Rxe2 37. Nc5 Nc3 38. Ra1 Ndb5 39. Ne1 Ra2 40. Rxa2 Nxa2
41. Nxb7 Nxb4 42. Ke2 h5 43. Kd2 g4 44. Bf1 d4 45. h3 Bg8 46. hxg4 hxg4 47. f3
f5 48. fxg4 fxg4 49. Ng2 Nd5 50. Be2 Be6 51. Nc5 Bc8 52. Bd1 Nbc3 53. Bb3 Kd6
54. Na4 Ke5 55. Nb2 Kf6 56. Nc4 Nb5 57. Bd1 Ne7 58. Nh4 Be6 59. Na5 Nc3 60. Bb3
Bxb3 61. Nxb3 Ke5 62. Nc5 Ncd5 63. Ne4 Ne3 64. Ke2 N7f5 65. Nxf5 Nxf5 66. Kf2
Nd6 67. Nc5 Ne8 68. Ke2 Nf6 69. Nb3 Kd5 70. Nd2 c5 71. Nc4 Nd7 72. Nd2 Ne5 73.
Nb1 c4 74. dxc4+ Nxc4 75. Kd3 Ne5+ 76. Ke2 Kc4 77. Na3+ Kb4 78. Nc2+ Kc3 79. Ne3
dxe3 80. Kxe3 Nf3 81. Ke4 Nh2 82. Ke3 Kc2 83. Ke2 Nf3 84. Ke3 Kd1 0-1

[Event "Chess.com Open Playoffs"]
[Site "chess.com INT"]
[Date "2026.04.23"]
[Round "1.1"]
[White "Erigaisi, Arjun"]
[Black "Movahed, Sina"]
[Result "0-1"]
[WhiteTitle "GM"]
[BlackTitle "GM"]
[WhiteElo "2751"]
[BlackElo "2575"]
[WhiteFideId "35009192"]
[BlackFideId "42520835"]
[EventDate "2026.04.23"]
[EventType "k.o."]

1. d4 d5 2. c4 e6 3. Nc3 Be7 4. cxd5 exd5 5. Bf4 c6 6. e3 Bf5 7. Nf3 Nf6 8. Nh4
Be4 9. f3 Bg6 10. g4 Nbd7 11. Nxg6 hxg6 12. Qb3 b5 13. Bg2 Nb6 14. Qc2 Bd6 15.
Ne2 O-O 16. Kf2 Re8 17. b3 Rc8 18. Rac1 Ba3 19. Rcd1 c5 20. dxc5 Bxc5 21. Qb2 g5
22. Be5 Bxe3+ 23. Kxe3 Nbd7 24. Rhe1 Nxe5 25. Kf2 Qb6+ 26. Kf1 b4 27. Qd2 Ng6
28. Qxg5 Rc2 29. Rd2 Re5 30. Qxe5 Nxe5 31. Rxc2 Nd3 32. Ng3 Nxe1 33. Kxe1 Qe3+
34. Kd1 d4 35. Nf1 Qd3+ 36. Rd2 Qc3 37. Rc2 Qa1+ 38. Kd2 Nd5 39. Kd3 Nf4+ 40.
Kc4 Nxg2 0-1

[Event "Chess.com Open Playoffs"]
[Site "chess.com INT"]
[Date "2026.04.23"]
[Round "1.1"]
[White "Vachier-Lagrave, Maxime"]
[Black "Nihal, Sarin"]
[Result "0-1"]
[WhiteTitle "GM"]
[BlackTitle "GM"]
[WhiteElo "2717"]
[BlackElo "2723"]
[WhiteFideId "623539"]
[BlackFideId "25092340"]
[EventDate "2026.04.23"]
[EventType "k.o."]

1. c4 e5 2. g3 Nf6 3. Bg2 d5 4. cxd5 Nxd5 5. Nf3 Nc6 6. O-O Nf6 7. d3 h6 8. a3
a5 9. b3 Bd6 10. Bb2 O-O 11. Nbd2 Re8 12. Rc1 Bg4 13. Rc2 Qd7 14. Qa1 Bh3 15.
Nc4 Bxg2 16. Kxg2 Qe6 17. e4 Nd7 18. Re1 Nc5 19. Rc3 b5 20. Nxd6 cxd6 21. Qd1
Nd4 22. Nxd4 exd4 23. Rc2 Nxb3 24. Qh5 Rac8 25. Rxc8 Rxc8 26. Qxb5 Rc2 27. Ba1
Ra2 28. e5 Nxa1 0-1

[Event "Chess.com Open Playoffs"]
[Site "chess.com INT"]
[Date "2026.04.23"]
[Round "1.1"]
[White "Sindarov, Javokhir"]
[Black "Dubov, Daniil"]
[Result "0-1"]
[WhiteTitle "GM"]
[BlackTitle "GM"]
[WhiteElo "2745"]
[BlackElo "2654"]
[WhiteFideId "14205483"]
[BlackFideId "24126055"]
[EventDate "2026.04.23"]
[EventType "k.o."]

1. e4 e5 2. Nf3 Nc6 3. Bc4 Nf6 4. d3 Be7 5. O-O d6 6. a4 Be6 7. Bxe6 fxe6 8. c3
O-O 9. b4 a6 10. Re1 h6 11. Nbd2 Qe8 12. Nf1 Qf7 13. h3 Nd7 14. N1h2 d5 15. Bd2
Bd6 16. Ng4 Kh8 17. Qc2 Rae8 18. Re2 Qg6 19. Kh1 Rxf3 20. gxf3 Rf8 21. Nh2 Qh5
22. Qd1 Qxh3 23. Re1 d4 24. b5 axb5 25. axb5 Ne7 26. Rg1 Nc5 27. Rg3 Qh5 28. Qe2
dxc3 29. Bxc3 Ng6 30. Qe3 Nf4 31. d4 Nb3 32. Rag1 exd4 33. Bxd4 Nxd4 34. Qxd4
Ng6 35. e5 Bxe5 36. Qg4 Qxg4 37. Rxg4 Bxh2 38. R1g2 Ne5 39. Rxg7 Nxf3 40. Re7
Bf4 41. Rg4 Ng5 42. Rh4 Rf6 43. Kg2 Bd6 44. Rd7 b6 45. Ra4 Rf7 0-1

[Event "Chess.com Open Playoffs"]
[Site "chess.com INT"]
[Date "2026.04.23"]
[Round "1.2"]
[White "Abdusattorov, Nodirbek"]
[Black "Sevian, Samuel"]
[Result "1-0"]
[WhiteTitle "GM"]
[BlackTitle "GM"]
[WhiteElo "2780"]
[BlackElo "2696"]
[WhiteFideId "14204118"]
[BlackFideId "2040506"]
[EventDate "2026.04.23"]
[EventType "k.o."]

1. e4 e5 2. Nf3 Nc6 3. Bb5 a6 4. Ba4 Nf6 5. O-O Nxe4 6. d4 b5 7. Bb3 d5 8. dxe5
Be6 9. c3 Be7 10. h3 O-O 11. Bc2 Qd7 12. Nbd2 f5 13. exf6 Nxf6 14. Re1 Bd6 15.
Nf1 Ne4 16. Ng5 Nxg5 17. Bxg5 Kh8 18. Ng3 Bxg3 19. fxg3 Bf5 20. Bxf5 Rxf5 21.
Bf4 d4 22. cxd4 Nxd4 23. Be5 c5 24. g4 Rf7 25. b4 Ne6 26. Qxd7 Rxd7 27. Bg3 Nd4
28. bxc5 Rc8 29. Kh2 Nc2 30. Rad1 Rxd1 31. Rxd1 Kg8 32. Rd6 Nb4 33. a3 Nc6 34.
Rd7 a5 35. Rb7 b4 36. axb4 axb4 37. Bd6 Re8 38. Rb6 Rc8 39. Kg3 Kf7 40. Kf4 Ke6
41. Ke4 h6 42. h4 g6 43. g3 h5 44. g5 Ne7 45. Bxe7+ Kxe7 46. Kd5 1-0

[Event "Chess.com Open Playoffs"]
[Site "chess.com INT"]
[Date "2026.04.23"]
[Round "1.2"]
[White "Dubov, Daniil"]
[Black "Sindarov, Javokhir"]
[Result "1-0"]
[WhiteTitle "GM"]
[BlackTitle "GM"]
[WhiteElo "2654"]
[BlackElo "2745"]
[WhiteFideId "24126055"]
[BlackFideId "14205483"]
[EventDate "2026.04.23"]
[EventType "k.o."]

1. e4 e5 2. Nf3 Nc6 3. d4 exd4 4. Nxd4 Nf6 5. Nxc6 bxc6 6. e5 Qe7 7. Qe2 Nd5 8.
g3 g6 9. Bg2 Bg7 10. O-O O-O 11. Re1 Re8 12. c4 Ba6 13. Qc2 Qc5 14. Nd2 Rxe5 15.
Rxe5 Bxe5 16. Bf1 Nb6 17. Nb3 Qf8 18. Be3 d6 19. c5 Bxf1 20. cxb6 Ba6 21. bxc7
c5 22. Qe4 Re8 23. Qc6 Bc8 24. Nxc5 Bxb2 25. Rd1 Be5 26. Nd7 Qe7 27. Nxe5 Qxe5
28. Rxd6 1-0

[Event "Chess.com Open Playoffs"]
[Site "chess.com INT"]
[Date "2026.04.23"]
[Round "1.2"]
[White "Movahed, Sina"]
[Black "Erigaisi, Arjun"]
[Result "1-0"]
[WhiteTitle "GM"]
[BlackTitle "GM"]
[WhiteElo "2575"]
[BlackElo "2751"]
[WhiteFideId "42520835"]
[BlackFideId "35009192"]
[EventDate "2026.04.23"]
[EventType "k.o."]

1. e4 c5 2. Nf3 e6 3. d4 cxd4 4. Nxd4 Nc6 5. Nxc6 bxc6 6. Bd3 Nf6 7. O-O d5 8.
e5 Nd7 9. Re1 a5 10. Nd2 Ba6 11. c4 Bc5 12. Qg4 Qb6 13. Re2 O-O-O 14. h4 h5 15.
Qg3 Bd4 16. Rb1 Nc5 17. Bc2 dxc4 18. Nf3 Nd3 19. Bd2 Bc5 20. Bc3 Rd7 21. Ng5
Rhd8 22. Ne4 g6 23. a3 Be7 24. Qf3 Rf8 25. Rd2 Qc7 26. b3 Nxe5 27. Bxe5 Qxe5 28.
Rxd7 Kxd7 29. bxc4 f5 30. Ng5 Bxg5 31. hxg5 Kc7 32. Ba4 Qe4 33. Qb3 Bxc4 34.
Qb6+ Kd6 35. Rd1+ Bd3 36. Bxc6 1-0

[Event "Chess.com Open Playoffs"]
[Site "chess.com INT"]
[Date "2026.04.23"]
[Round "1.2"]
[White "Nepomniachtchi, Ian"]
[Black "Duda, Jan-Krzysztof"]
[Result "0-1"]
[WhiteTitle "GM"]
[BlackTitle "GM"]
[WhiteElo "2729"]
[BlackElo "2739"]
[WhiteFideId "4168119"]
[BlackFideId "1170546"]
[EventDate "2026.04.23"]
[EventType "k.o."]

1. d4 Nf6 2. c4 e6 3. Nc3 d5 4. cxd5 exd5 5. Bg5 c6 6. Qc2 Be7 7. e3 h6 8. Bh4
O-O 9. Bd3 Re8 10. Nge2 a5 11. O-O Nbd7 12. Rae1 b5 13. f3 Ba6 14. e4 dxe4 15.
fxe4 b4 16. Bxa6 Rxa6 17. Na4 Nxe4 18. Bxe7 Rxe7 19. Qc4 Ra7 20. Qxc6 Ndf6 21.
Qb6 Qe8 22. Nc5 Nxc5 23. dxc5 Ra8 24. Rxf6 gxf6 25. Kf2 Qd8 26. Qd6 Qxd6 27.
cxd6 Re6 28. Rd1 Rd8 0-1

[Event "Chess.com Open Playoffs"]
[Site "chess.com INT"]
[Date "2026.04.23"]
[Round "1.2"]
[White "Nihal, Sarin"]
[Black "Vachier-Lagrave, Maxime"]
[Result "1-0"]
[WhiteTitle "GM"]
[BlackTitle "GM"]
[WhiteElo "2723"]
[BlackElo "2717"]
[WhiteFideId "25092340"]
[BlackFideId "623539"]
[EventDate "2026.04.23"]
[EventType "k.o."]

1. d4 d5 2. Nf3 Nf6 3. c4 c5 4. cxd5 cxd4 5. Qxd4 Qxd5 6. Nc3 Qxd4 7. Nxd4 a6 8.
g3 e5 9. Nb3 Nc6 10. Bg2 a5 11. O-O a4 12. Nd2 Be6 13. Nde4 Nxe4 14. Bxe4 Bc5
15. Be3 Bxe3 16. fxe3 O-O 17. Rfd1 Rfc8 18. Nb5 Na5 19. Nd6 Rc7 20. Kf2 Kf8 21.
b4 Nc4 22. Nxb7 Rb8 23. Nc5 Rb6 24. Rac1 Ke7 25. Nxe6 fxe6 26. Rc3 Rc8 27. Ke1
Rxb4 28. Rdc1 Nd6 29. Rxc8 Nxc8 30. Bxh7 Nd6 31. Rb1 Rc4 32. Kd2 e4 33. h4 a3
34. g4 Rc8 35. Rb4 Nc4+ 36. Ke1 Nxe3 37. Rxe4 Nd5 38. Ra4 Kd6 39. g5 Rc3 40. Be4
Nf4 41. Kd2 Rh3 42. Bf3 Rxh4 43. Rxa3 Nd5 44. Ra6+ Ke5 45. a4 Rd4+ 46. Ke1 Nc3
47. a5 Ra4 48. Ra7 Kf4 49. a6 Ke3 50. Kf1 e5 51. Rc7 Ra1+ 52. Kg2 Nxe2 53. Bxe2
Kxe2 54. a7 g6 55. Re7 Kd3 56. Rxe5 Rxa7 57. Re6 Rg7 58. Kf3 Kd4 59. Kf4 Kd5 60.
Rf6 Rg8 61. Ra6 Rf8+ 62. Kg4 Rg8 63. Kf4 Kd4 64. Rd6+ Kc5 65. Ke5 Re8+ 66. Re6
Rg8 67. Kf6 Kd5 68. Re1 Rf8+ 69. Kxg6 Rf2 70. Kg7 Kd6 71. g6 Kd7 72. Kh7 Rh2+
73. Kg8 Rg2 74. g7 Kd8 75. Re4 Kd7 76. Kf7 Rf2+ 77. Kg6 Rg2+ 78. Kf6 Rf2+ 79.
Kg5 Rg2+ 80. Rg4 Re2 81. g8=Q Re5+ 82. Kf6 Rb5 83. Qc4 Rb6+ 84. Ke5 Rc6 85. Rg7+
Kd8 86. Qg8# 1-0

[Event "Chess.com Open Playoffs"]
[Site "chess.com INT"]
[Date "2026.04.23"]
[Round "1.2"]
[White "Pranesh, M"]
[Black "Keymer, Vincent"]
[Result "1/2-1/2"]
[WhiteTitle "GM"]
[BlackTitle "GM"]
[WhiteElo "2632"]
[BlackElo "2762"]
[WhiteFideId "35028600"]
[BlackFideId "12940690"]
[EventDate "2026.04.23"]
[EventType "k.o."]

1. e4 e5 2. Nf3 Nc6 3. d4 exd4 4. Nxd4 Nf6 5. Nxc6 bxc6 6. Bd3 d5 7. exd5 cxd5
8. O-O Be7 9. c4 O-O 10. Nc3 Bb7 11. Qb3 Rb8 12. cxd5 Nxd5 13. Rd1 Bf6 14. Qc2
g6 15. Be4 Re8 16. Bxd5 Bxd5 17. Bf4 Bxc3 18. Qxc3 Rc8 19. Re1 Qh4 20. Be5 Qg4
21. f3 Qc4 22. Qd2 c6 23. b3 Qh4 24. Bb2 Rcd8 25. Qc3 f6 26. h3 Kf7 27. Kf1 Qg5
28. Qc5 Be6 29. Qxa7+ Rd7 30. Qa6 Rd2 31. Re2 Rxe2 32. Qxe2 Bxh3 33. Qc4+ Be6
34. Qd4 Bd5 35. a4 h5 36. a5 h4 37. Re1 Rxe1+ 38. Kxe1 h3 39. gxh3 Qg3+ 40. Qf2
Qxf3 41. Qxf3 Bxf3 42. Bd4 Bd5 43. a6 c5 44. Bxc5 Bxb3 45. a7 Bd5 46. Kf2 Ke6
47. Bd4 Kf5 48. Kg3 Ba8 49. Kf2 g5 50. Ke3 Kg6 51. Bb6 f5 52. Bd8 Kh5 53. Kd4 f4
54. Kd3 g4 55. hxg4+ Kxg4 56. Ke2 f3+ 1/2-1/2

[Event "Chess.com Open Playoffs"]
[Site "chess.com INT"]
[Date "2026.04.23"]
[Round "1.2"]
[White "Sargsyan, Shant"]
[Black "Carlsen, Magnus"]
[Result "0-1"]
[WhiteTitle "GM"]
[BlackTitle "GM"]
[WhiteElo "2647"]
[BlackElo "2840"]
[WhiteFideId "13306766"]
[BlackFideId "1503014"]
[EventDate "2026.04.23"]
[EventType "k.o."]

1. e4 c5 2. Nf3 Nc6 3. Bb5 e6 4. Bxc6 bxc6 5. d3 Ne7 6. h4 h5 7. e5 f6 8. Qe2
Nf5 9. Bf4 d6 10. exd6 e5 11. Nbd2 Bxd6 12. Nc4 O-O 13. Be3 Re8 14. Nfd2 Nd4 15.
Qd1 Bf8 16. Ne4 Be6 17. Kf1 Bf7 18. b3 a5 19. a4 Ra7 20. Rh3 g6 21. Qd2 Be6 22.
Rh1 Bxc4 23. bxc4 Ne6 24. f3 Rb7 25. g4 hxg4 26. fxg4 f5 27. gxf5 gxf5 28. Ng5
f4 29. Qg2 Nxg5 30. Bf2 e4 31. hxg5 e3 32. Qh3 Bg7 33. Re1 exf2 34. Qh7+ Kf8 35.
Qf5+ Rf7 36. Qxc5+ Kg8 37. Rxe8+ Qxe8 38. Kxf2 f3 39. Re1 Qb8 40. Kf1 f2 0-1

[Event "Chess.com Open Playoffs"]
[Site "chess.com INT"]
[Date "2026.04.23"]
[Round "1.2"]
[White "Yu, Yangyi"]
[Black "Lazavik, Denis"]
[Result "1/2-1/2"]
[WhiteTitle "GM"]
[BlackTitle "GM"]
[WhiteElo "2717"]
[BlackElo "2605"]
[WhiteFideId "8603820"]
[BlackFideId "13515110"]
[EventDate "2026.04.23"]
[EventType "k.o."]

1. e4 e5 2. Nf3 Nc6 3. d4 exd4 4. Nxd4 Nf6 5. Nxc6 bxc6 6. e5 Qe7 7. Qe2 Nd5 8.
c4 Ba6 9. Nd2 g6 10. Ne4 Qb4+ 11. Kd1 O-O-O 12. Qc2 Nb6 13. Bd2 Qe7 14. Bg5 Qxe5
15. Bf6 Qe6 16. Bxh8 d5 17. cxd5 Rxd5+ 18. Ke1 Bb4+ 19. Bc3 Bxc3+ 20. bxc3 Bc4
21. Rd1 Re5 22. f3 f5 23. Bd3 fxe4 24. Bxe4 Bd5 25. Kf2 Bxe4 26. fxe4 Rxe4 27.
Rhf1 Kb7 28. Rde1 Rxe1 29. Rxe1 Qd6 30. Kg1 a5 31. Rb1 Qc5+ 32. Kh1 Ka7 33. Qb3
a4 34. Qb4 Qd5 35. a3 Ka6 36. h3 Qd3 37. Kh2 Qd6+ 38. Kg1 Qd3 39. Kh1 Qd6 40.
Kg1 Qd3 41. Rf1 Qd6 42. Rf7 h5 43. Rf1 c5 44. Qb2 Qd3 45. Rb1 Qc4 46. Kh1 Qd3
47. Kg1 Qc4 48. Kh1 Qd3 49. Kg1 1/2-1/2

[Event "Chess.com Open Playoffs"]
[Site "chess.com INT"]
[Date "2026.04.23"]
[Round "1.3"]
[White "Carlsen, Magnus"]
[Black "Sargsyan, Shant"]
[Result "1/2-1/2"]
[WhiteTitle "GM"]
[BlackTitle "GM"]
[WhiteElo "2840"]
[BlackElo "2647"]
[WhiteFideId "1503014"]
[BlackFideId "13306766"]
[EventDate "2026.04.23"]
[EventType "k.o."]

1. e4 e6 2. d4 d5 3. exd5 exd5 4. Nf3 Nc6 5. Nc3 a6 6. h3 Nf6 7. a3 Bd6 8. Bg5
Be6 9. Bd3 h6 10. Bh4 g5 11. Bg3 Bxg3 12. fxg3 Qd6 13. g4 h5 14. Ne2 hxg4 15.
Nxg5 gxh3 16. Nxh3 O-O-O 17. Qd2 Rdg8 18. O-O-O Rxg2 19. Nhf4 Rgg8 20. Rxh8 Rxh8
21. Rf1 Nd7 22. Qe3 Kb8 23. Kb1 Nb6 24. Ka2 Na5 25. b3 Nc6 26. Kb2 a5 27. Nc3 a4
28. Nxa4 Nxa4+ 29. bxa4 Na5 30. Qd2 Nc4+ 31. Bxc4 dxc4 32. Nxe6 fxe6 33. Qc3 Rh4
34. Re1 Qb6+ 35. Kc1 Qc6 36. Kb2 Rh5 37. Qb4 b6 38. Re3 Rd5 39. Kc3 Qd7 40. Qxc4
c5 41. Re4 Qd6 42. Kb3 Rxd4 43. Rxd4 cxd4 44. a5 bxa5 45. Qb5+ Kc7 46. Qxa5+ Kd7
47. Kc4 Qc6+ 48. Kd3 e5 49. Qxe5 Qc3+ 50. Ke4 Qxc2+ 51. Kxd4 Qb2+ 52. Kd5 Qb3+
53. Kd4 Qxa3 54. Qd5+ Qd6 55. Qxd6+ Kxd6 1/2-1/2

[Event "Chess.com Open Playoffs"]
[Site "chess.com INT"]
[Date "2026.04.23"]
[Round "1.3"]
[White "Duda, Jan-Krzysztof"]
[Black "Nepomniachtchi, Ian"]
[Result "1-0"]
[WhiteTitle "GM"]
[BlackTitle "GM"]
[WhiteElo "2739"]
[BlackElo "2729"]
[WhiteFideId "1170546"]
[BlackFideId "4168119"]
[EventDate "2026.04.23"]
[EventType "k.o."]

1. Nf3 Nf6 2. c4 e6 3. g3 d5 4. Bg2 Be7 5. O-O O-O 6. d4 dxc4 7. Qc2 a6 8. a4
Bd7 9. Qxc4 Bc6 10. Bg5 Nbd7 11. Nc3 h6 12. Bxf6 Nxf6 13. e3 Bd6 14. Rfd1 Qe7
15. a5 Rad8 16. h4 Rfe8 17. Qb3 Bxf3 18. Bxf3 c6 19. h5 e5 20. d5 e4 21. Be2 c5
22. Ra4 Rd7 23. Kg2 Qe5 24. Rh1 Qg5 25. Rh4 Rde7 26. Qb6 Bxg3 27. fxg3 Qxe3 28.
Rc4 Rc8 29. Rf4 Nxd5 30. Nxd5 Qd2 1-0

[Event "Chess.com Open Playoffs"]
[Site "chess.com INT"]
[Date "2026.04.23"]
[Round "1.3"]
[White "Erigaisi, Arjun"]
[Black "Movahed, Sina"]
[Result "0-1"]
[WhiteTitle "GM"]
[BlackTitle "GM"]
[WhiteElo "2751"]
[BlackElo "2575"]
[WhiteFideId "35009192"]
[BlackFideId "42520835"]
[EventDate "2026.04.23"]
[EventType "k.o."]

1. d4 d5 2. c4 e6 3. Nc3 Be7 4. Nf3 Nf6 5. a3 O-O 6. Qc2 c5 7. dxc5 dxc4 8. e4
Nc6 9. Bxc4 Nd4 10. Nxd4 Qxd4 11. Qe2 Bxc5 12. Be3 Qe5 13. f4 Qc7 14. Bxc5 Qxc5
15. e5 Nd5 16. Ne4 Qa5+ 17. b4 Qb6 18. g3 a5 19. b5 Bd7 20. Qf2 Ne3 21. Bd3 Rad8
22. Nd6 f6 23. Ke2 fxe5 24. Qxe3 Qxd6 25. Qxe5 Qxe5+ 26. fxe5 Be8 27. Bc4 Bh5+
28. Ke3 Rf3+ 29. Ke4 Rc3 30. Bxe6+ Kf8 31. Rhc1 Rcd3 32. Rc4 Rd2 33. g4 Re2+ 34.
Kf4 Be8 35. Rc7 Rd4+ 36. Kf3 Rxe5 37. Bc4 Rd7 38. Rc8 g5 39. Ra2 Rd4 40. Re2
Rf4+ 41. Kg3 Rxc4 42. Rf2+ Rf4 0-1

[Event "Chess.com Open Playoffs"]
[Site "chess.com INT"]
[Date "2026.04.23"]
[Round "1.3"]
[White "Keymer, Vincent"]
[Black "Pranesh, M"]
[Result "1-0"]
[WhiteTitle "GM"]
[BlackTitle "GM"]
[WhiteElo "2762"]
[BlackElo "2632"]
[WhiteFideId "12940690"]
[BlackFideId "35028600"]
[EventDate "2026.04.23"]
[EventType "k.o."]

1. c4 e5 2. Nc3 Bb4 3. Nd5 a5 4. Nf3 d6 5. a3 Bc5 6. e3 Nd7 7. d4 Ba7 8. Qc2 c6
9. Nc3 Nh6 10. Bd3 Qe7 11. O-O Nf8 12. c5 dxc5 13. Nxe5 Be6 14. Ne4 cxd4 15.
Nxc6 Qc7 16. Nxa7 Qxc2 17. Bxc2 Rxa7 18. exd4 Nf5 19. Rd1 Ng6 20. d5 Bc8 21. d6
b6 22. Nc3 Ngh4 23. Nb5 Rd7 24. Bg5 O-O 25. Rd5 h6 26. Bxh4 Nxh4 27. Rd4 g5 28.
f3 Re8 29. Kf2 Re5 30. Nc3 Kg7 31. Ba4 Rd8 32. d7 Ba6 33. Rd6 b5 34. Rxa6 bxa4
35. Rd1 Ng6 36. Nxa4 Nf4 37. Rd2 Ne6 38. Rc6 Kf8 39. Nb6 Rb5 40. a4 Rb4 41. g3
Rb3 42. Nc4 Ke7 43. Ne5 f6 44. Nc4 Kf7 45. Nxa5 Rb4 46. Rc8 Kg6 47. Nc6 Rxd7 48.
Rxd7 Rb7 49. Rxb7 1-0

[Event "Chess.com Open Playoffs"]
[Site "chess.com INT"]
[Date "2026.04.23"]
[Round "1.3"]
[White "Lazavik, Denis"]
[Black "Yu, Yangyi"]
[Result "1/2-1/2"]
[WhiteTitle "GM"]
[BlackTitle "GM"]
[WhiteElo "2605"]
[BlackElo "2717"]
[WhiteFideId "13515110"]
[BlackFideId "8603820"]
[EventDate "2026.04.23"]
[EventType "k.o."]

1. c4 e6 2. g3 d5 3. Bg2 Nf6 4. Nf3 Be7 5. O-O O-O 6. d4 Nbd7 7. Qc2 a5 8. b3 b6
9. cxd5 Nxd5 10. a3 Bb7 11. e4 N5f6 12. Nc3 c5 13. Rd1 cxd4 14. Nxd4 Rc8 15. Bb2
Qc7 16. Qe2 Ba8 17. Rac1 Qb8 18. Ncb5 Rxc1 19. Bxc1 Nc5 20. Bf4 Qc8 21. Bd6 Bxd6
22. Nxd6 Qb8 23. e5 Nd5 24. Qd2 h6 25. b4 axb4 26. axb4 Nd7 27. f4 Ne7 28. Rc1
Bxg2 29. Qxg2 b5 30. Qf2 Nd5 31. N4xb5 Nxb4 32. Qa7 Qxa7+ 33. Nxa7 Nd5 34. Nc6
Ra8 35. Rb1 Nc5 36. Rb8+ Rxb8 37. Nxb8 g5 38. f5 f6 39. exf6 Nxf6 40. fxe6 Nxe6
41. Nc6 1/2-1/2